| 000 | 00524nam a22001817a 4500 | ||
|---|---|---|---|
| 005 | 20251108172904.0 | ||
| 008 | 250721s2003 xx 000 0 ara d | ||
| 020 | _a1592390374 | ||
| 082 | 1 | 4 | _aم/ 218.9/بوط |
| 100 | 1 | _aالبوطي، محمد سعيد رمضان | |
| 245 | 1 | 0 | _aالحكم العطائية شرح و تحليل / |
| 264 | 1 |
_aبيروت : _bدار الفكر المعاصر، _c2003. |
|
| 300 | _aج | ||
| 650 | 1 | 7 | _aالتصوف |
| 650 | 1 | 7 | _aالإسلام |
| 942 |
_2ddc _cREF |
||
| 999 |
_c91019 _d91019 |
||